<?xml version="1.0" encoding="UTF-8"?>
<collection xmlns="http://www.loc.gov/MARC21/slim">
<record>
  <controlfield tag="001">130296</controlfield>
  <controlfield tag="005">20240130142253.0</controlfield>
  <datafield tag="024" ind1="7" ind2=" ">
    <subfield code="2">doi</subfield>
    <subfield code="a">10.1016/j.jveb.2007.07.010</subfield>
  </datafield>
  <datafield tag="024" ind1="8" ind2=" ">
    <subfield code="2">sideral</subfield>
    <subfield code="a">66156</subfield>
  </datafield>
  <datafield tag="037" ind1=" " ind2=" ">
    <subfield code="a">ART-2007-66156</subfield>
  </datafield>
  <datafield tag="041" ind1=" " ind2=" ">
    <subfield code="a">eng</subfield>
  </datafield>
  <datafield tag="100" ind1=" " ind2=" ">
    <subfield code="a">Rosado, B.</subfield>
    <subfield code="u">Universidad de Zaragoza</subfield>
    <subfield code="0">(orcid)0000-0003-1728-900X</subfield>
  </datafield>
  <datafield tag="245" ind1=" " ind2=" ">
    <subfield code="a">Spanish Dangerous Animals Act: Effect on the Epidemiology of Dog Bites</subfield>
  </datafield>
  <datafield tag="260" ind1=" " ind2=" ">
    <subfield code="c">2007</subfield>
  </datafield>
  <datafield tag="506" ind1="0" ind2=" ">
    <subfield code="a">Access copy available to the general public</subfield>
    <subfield code="f">Unrestricted</subfield>
  </datafield>
  <datafield tag="520" ind1="3" ind2=" ">
    <subfield code="a">The effectiveness and suitability of legislation regarding the issue of dangerous dogs, especially those targeting so-called ‘‘dangerous breeds’’ (DB), have been the object of a lot of criticism.
However, the shortage of scientific studies in this field makes an objective assessment of the impact of current legislation difficult. In the present study, dog bite-related incidents from Arago´n (Spain)
were analyzed for a 10-year periods (1995 to 2004). With the aim of assessing the impact of the Spanish Dangerous Animals Act on the epidemiology of dog bites, data from the non-legislated (1995 to
1999) and the legislated period (2000 to 2004) were compared in 2 different areas (low- and high-pop ulated areas). According to the results, the population density did exert a significant effect on the in-
cidence of dog bites, whereas the legislation in force did not. Popular breeds such as the German shepherd and crossbreed dogs accounted for the great majority of the incidents during the 2 periods
of study. Specifically, the German shepherd proved to be over-represented significantly among the canine population. Dogs in the dangerous breeds list, on the other hand, were involved in a small pro-
portion of the incidents both before and after the introduction of legislation. The present results suggest that the implementation of the Spanish legislation exerted little impact on the epidemiology of dog
bites. Besides the scarce effectiveness, the results suggest that the criteria to regulate only so-called DB were unsuitable and unjustified. It is hoped that this study will be helpful in the elaboration of
future regulation measures in this matter.</subfield>
  </datafield>
  <datafield tag="540" ind1=" " ind2=" ">
    <subfield code="9">info:eu-repo/semantics/openAccess</subfield>
    <subfield code="a">by-nc-nd</subfield>
    <subfield code="u">http://creativecommons.org/licenses/by-nc-nd/3.0/es/</subfield>
  </datafield>
  <datafield tag="655" ind1=" " ind2="4">
    <subfield code="a">info:eu-repo/semantics/article</subfield>
    <subfield code="v">info:eu-repo/semantics/acceptedVersion</subfield>
  </datafield>
  <datafield tag="700" ind1=" " ind2=" ">
    <subfield code="a">García-Belenguer,S.</subfield>
    <subfield code="u">Universidad de Zaragoza</subfield>
    <subfield code="0">(orcid)0000-0001-5084-6555</subfield>
  </datafield>
  <datafield tag="700" ind1=" " ind2=" ">
    <subfield code="a">León,M.</subfield>
  </datafield>
  <datafield tag="700" ind1=" " ind2=" ">
    <subfield code="a">Palacio,J.</subfield>
    <subfield code="u">Universidad de Zaragoza</subfield>
    <subfield code="0">(orcid)0000-0002-1581-3085</subfield>
  </datafield>
  <datafield tag="710" ind1="2" ind2=" ">
    <subfield code="1">1009</subfield>
    <subfield code="2">617</subfield>
    <subfield code="a">Universidad de Zaragoza</subfield>
    <subfield code="b">Dpto. Patología Animal</subfield>
    <subfield code="c">Área Medicina y Cirugía Animal</subfield>
  </datafield>
  <datafield tag="773" ind1=" " ind2=" ">
    <subfield code="g">2, 5 (2007), 166-174</subfield>
    <subfield code="p">Journal of Veterinary Behavior-Clinical Applications and Research</subfield>
    <subfield code="t">Journal of Veterinary Behavior</subfield>
    <subfield code="x">1558-7878</subfield>
  </datafield>
  <datafield tag="856" ind1="4" ind2=" ">
    <subfield code="s">251950</subfield>
    <subfield code="u">http://zaguan.unizar.es/record/130296/files/texto_completo.pdf</subfield>
    <subfield code="y">Postprint</subfield>
  </datafield>
  <datafield tag="856" ind1="4" ind2=" ">
    <subfield code="s">1023663</subfield>
    <subfield code="u">http://zaguan.unizar.es/record/130296/files/texto_completo.jpg?subformat=icon</subfield>
    <subfield code="x">icon</subfield>
    <subfield code="y">Postprint</subfield>
  </datafield>
  <datafield tag="909" ind1="C" ind2="O">
    <subfield code="o">oai:zaguan.unizar.es:130296</subfield>
    <subfield code="p">articulos</subfield>
    <subfield code="p">driver</subfield>
  </datafield>
  <datafield tag="951" ind1=" " ind2=" ">
    <subfield code="a">2024-01-30-14:18:11</subfield>
  </datafield>
  <datafield tag="980" ind1=" " ind2=" ">
    <subfield code="a">ARTICLE</subfield>
  </datafield>
</record>
</collection>